| 000 | 00793nam a22002297a 4500 | ||
|---|---|---|---|
| 003 | 0 | ||
| 005 | 20251021155023.0 | ||
| 008 | 251021b xxu||||| |||| 00| 0 eng d | ||
| 020 | _a978-1-83683-171-6 | ||
| 050 |
_aTS 171.95 _b.H37 2025 |
||
| 100 |
_aHart, Mira, _eauthor. |
||
| 245 |
_aThe 3D printing handbook : _btechnologies, design and applications / _cMira Hart. |
||
| 250 | _aFirst edition. | ||
| 260 |
_aLondon, UK : _bVintage Press Ltd, _c2025. |
||
| 300 |
_ax, 290 pages : _bcolored illustrations ; _c24 cm. |
||
| 504 | _aIncludes bibliographical references and index. | ||
| 650 | _aThree-dimensional printing. | ||
| 650 | _aComputer-aided design. | ||
| 650 |
_aMaterials science _xTechnological innovations. |
||
| 650 |
_aManufacturing processes _xAutomation. |
||
| 942 |
_2lcc _cBK |
||
| 999 |
_c368321 _d368321 |
||